The locales framework : understanding and designing for wicked problems
Saved in:
| Main Author: | |
|---|---|
| Format: | Book |
| Language: | English |
| Published: |
Dordrecht :
Kluwer Academic Pub.,
c2003
|
| Series: | Kluwer international series on computer supported cooperative work ;
; 1 |
| Subjects: | |
| Tags: |
Add Tag
No Tags, Be the first to tag this record!
|
MARC
| LEADER | 00000nam a2200000 i 4500 | ||
|---|---|---|---|
| 001 | 1/33197 | ||
| 008 | 060804s2003 eng d | ||
| 020 | |a 1-4020-1190-3 | ||
| 035 | |l 10084883 | ||
| 040 | |a GR-MY-UA |b gre |e aacr | ||
| 041 | 0 | |a eng | |
| 082 | 0 | |a 004.21 |2 (22) | |
| 100 | 1 | |a Fitzpatrick, Geraldine. | |
| 245 | 1 | 4 | |a The locales framework : |b understanding and designing for wicked problems / |c Geraldine Fitzpatrick |
| 260 | |a Dordrecht : |b Kluwer Academic Pub., |c c2003 | ||
| 300 | |a xii, 242 σ.; |b εικ.; |c 25 εκ. | ||
| 490 | 1 | |a The Kluwer international series on computer supported cooperative work |v ; 1 | |
| 504 | |a Περιλαμβάνει βιβλιογραφικές παραπομπές (σ. [223]-238) και ευρετήριο. | ||
| 650 | 0 | 0 | |a System design. |
| 650 | 0 | 0 | |a Human-computer interaction. |
| 830 | 0 | |a Kluwer international series on computer supported cooperative work ; |v ; 1 | |
| 852 | |a INST |b SYROS |e 20060804 |h 004.21 FIT |p 005500004713 |q 005500004713 |t BK |y 0 | ||
| 901 | |a BIBL5-2006-2 | ||
| 909 | |a Ε |b 117645 | ||
| 920 | |a ΑΝΑΜΟΡΦΩΣΗ |b ΕΠΕΑΕΚ ΙΙ-ΤΜΣΠΣ |y ΣΥΡΟΣ |z 2006-06 | ||
| 970 | |a ΚΟΝΤΟΥ |b ΠΑΡΑΣΚΕΥΗ |z 2006/08/04 | ||